Farby v politickom kontexte a ich aplikácia v didaktickom procese španielčiny ako cudzieho jazyka
Farby v kontexte kultúry a politiky. Použitie selekcie a textovej didaktiky na príklade skúmania španielskych politických textov. Didaktické aplikácie pri výučbe cudzích jazykov.
Gespeichert in:
| 1. Verfasser: | |
|---|---|
| Weitere Verfasser: | |
| Format: | Buchkapitel |
| Sprache: | Slowakisch |
| Schlagworte: | |
| Tags: |
Keine Tags, Fügen Sie das erste Tag hinzu!
|
MARC
| LEADER | 00000naa$a2200000$$$4500 | ||
|---|---|---|---|
| 001 | 0261226 | ||
| 005 | 20240502083749.3 | ||
| 041 | 0 | |a slo | |
| 044 | |a CZ | ||
| 245 | 1 | 0 | |a Farby v politickom kontexte a ich aplikácia v didaktickom procese španielčiny ako cudzieho jazyka |c Mária Spišiaková, Nina Mocková |
| 520 | |a Farby v kontexte kultúry a politiky. Použitie selekcie a textovej didaktiky na príklade skúmania španielskych politických textov. Didaktické aplikácie pri výučbe cudzích jazykov. | ||
| 610 | 2 | 0 | |a politika |
| 610 | 2 | 0 | |a kultúra |
| 610 | 2 | 0 | |a jazyk štátny |
| 610 | 2 | 0 | |a španielčina |
| 610 | 2 | 0 | |a didaktika |
| 100 | 1 | |a Spišiaková, Mária, 1973- | |
| 700 | 1 | |a Mocková, Nina, 1987- | |